|
|
|
|
| LEADER |
00582nam a22001697a 4500 |
| 008 |
140523b xxu||||| |||| 00| 0 eng d |
| 020 |
|
|
|a 9780198064114
|
| 082 |
|
|
|a 340 RUD'09
|
| 100 |
|
|
|a Rudolph, Lloyd
|
| 245 |
|
|
|a Postmodern Gandhi and Other Essays : Gandhi in the World and at Home
|
| 260 |
|
|
|a Oxford
|b Oxford University Press
|c 2009
|
| 300 |
|
|
|a 260
|
| 500 |
|
|
|a Include Index
|
| 650 |
|
|
|2 Postmodern Gandhi
|
| 942 |
|
|
|2 ddc
|c REF
|
| 999 |
|
|
|c 7831
|d 7831
|
| 952 |
|
|
|0 0
|1 0
|2 ddc
|4 0
|6 820_000000000000000_RUD09
|7 1
|8 REF
|9 9803
|a NUALS
|b NUALS
|c REF
|d 2014-05-23
|l 0
|o 820 RUD'09
|p 9826
|r 2015-12-29
|y REF
|